000 00802nam a2200253Ia 4500
003 OSt
005 20221005112424.0
006 a|||||r|||| 00| 0
007 ta
008 221004b |||||||| |||| 00| 0 pan d
020 _c150
024 _a11890
037 _b841, 20/03/2014, H.K. Prakashan
_cTextual
040 _aCRL
_cCRL
_bpan
041 _2pan
_apan
082 _aO153,3N33,PA, N1;Q1
100 _aਸਿੰਘ, ਗੁਰਦਿਆਲ
245 0 _aਪਰਮਾ
260 _aਚੰਡੀਗੜ
_bਨਵਯੁਗ ਭਾਰਤ
_c2011
300 _a267ਪੰ
_ccm.
650 _aਪੰਜਾਬੀ ਸਾਹਿਤ
942 _hO153,3N33,PA, N1;Q1
_cTEXL
_2cc
999 _c1024842
_d1024842